Θεσμικό πλαίσιο, προστασία και διαχείριση υγροτόπων : εφαρμογή στις λίμνες Βόλβη και Κορώνεια
Αποθηκεύτηκε σε:
| Κύριος συγγραφέας: | |
|---|---|
| Συγγραφή απο Οργανισμό/Αρχή: | |
| Άλλοι συγγραφείς: | |
| Μορφή: | Thesis Βιβλίο |
| Γλώσσα: | Greek |
| Δημοσίευση: |
2009
|
| Θέματα: | |
| Διαθέσιμο Online: | http://hdl.handle.net/11610/15229 |
| Ετικέτες: |
Προσθήκη ετικέτας
Δεν υπάρχουν, Καταχωρήστε ετικέτα πρώτοι!
|
MARC
| LEADER | 00000cam a2200000 i 4500 | ||
|---|---|---|---|
| 001 | 1/8167 | ||
| 008 | 100608s2009 gre d | ||
| 035 | |l 10108153 | ||
| 040 | |a GR-MY-UA |b gre |e aacr | ||
| 041 | 0 | |a gre | |
| 082 | 0 | |a 333.9163 |2 (22) | |
| 100 | 1 | |a Γιαννακάκου, Κωνσταντίνα. | |
| 245 | 1 | 0 | |a Θεσμικό πλαίσιο, προστασία και διαχείριση υγροτόπων : |b εφαρμογή στις λίμνες Βόλβη και Κορώνεια / |c Γιαννακάκου Κωνσταντίνα ; υπεύθυνος καθηγητής: Ν.Σ. Μάργαρης |
| 260 | |c 2009 | ||
| 300 | |a 156 σ.; |b εικ., πιν.; |c 30 εκ. | ||
| 500 | |a Βιβλιογραφία: σ. 152-156 | ||
| 502 | |a Διατριβή (μεταπτυχιακή) – Πανεπιστήμιο Αιγαίου, Λέσβος, 2009. | ||
| 650 | 0 | |a Protected areas |v Law and legislation |z Greece |z Thessalonike (Nome) | |
| 650 | 0 | |a Lakes |z Greece |z Thessalonike (Nome) | |
| 650 | 0 | |a Wetland conservation |x Law and legislation |z Greece |z Thessalonike (Nome) | |
| 650 | 0 | |a Wetland management |z Greece |z Thessalonike (Nome) | |
| 650 | 0 | 0 | |a Dissertations, Academic |z Greece. |
| 700 | 1 | |a Μάργαρης, Νίκος Σ., |d 1943-2013. |4 ths | |
| 710 | 2 | |a Πανεπιστήμιο Αιγαίου |b Σχολή Περιβάλλοντος |b Τμήμα Περιβάλλοντος |b Πρόγραμμα Μεταπτυχιακών Σπουδών Γεωργία και Περιβάλλον. | |
| 852 | |a INST |b LESVOS |c DIATR |e 20100608 |h 331 |p 005100047700 |q 005100047700 |t MTXE |y 23 | ||
| 852 | |a INST |b LESVOS |c DIATR |e 20100608 |h 332 |p 005100047701 |q 005100047701 |t MTXE |y 23 | ||
| 856 | |u http://hdl.handle.net/11610/15229 | ||
| 901 | |a BIBL1-2010-2 | ||
| 909 | |a Λ |b 164598 | ||
| 909 | |a Λ |b 164597 | ||
| 924 | |a ΓΙΑΝΝΑΚΑΚΟΥ |b ΚΩΝΣΤΑΝΤΙΝΑ |y ΛΕΣΒΟΣ |z 2010-11 | ||
| 970 | |a ΤΖΑΦΕΡΗ |b ΕΥΑΓΓΕΛΙΑ |z 2010/06/08 | ||